[Event "25. Copenhagen Open  (Politiken Cup)"]
[Site "Copenhagen"]
[Date "2003.07.23"]
[Round "9"]
[White "Petersen, Lars"]
[Black "Cohen, Ronnie"]
[Result "1-0"]
[WhiteElo "2047"]
[BlackElo "1695"]
[PlyCount "71"]
[EventDate "2003.07.14"]
[EventType "swiss"]
[EventRounds "11"]
[EventCountry "DEN"]
[SourceDate "2004.01.01"]

1. d4 Nf6 2. Nf3 g6 3. Bf4 Bg7 4. e3 d6 5. h3 Nbd7 6. c4 c5 7. Nc3 O-O 8. Be2
Re8 9. O-O b6 10. d5 Nf8 11. e4 N6d7 12. Bg3 h6 13. Ne1 Nh7 14. f4 Bd4+ 15. Kh1
Rf8 16. Nf3 Bg7 17. e5 f5 18. exf6 Ndxf6 19. Qd2 Bf5 20. Nh4 Ne4 21. Nxe4 Bxe4
22. Bd3 Bxd3 23. Qxd3 Qe8 24. Nxg6 Bxb2 25. Nxf8 Bxa1 26. Qxh7+ Kxf8 27. Rxa1
Qf7 28. Qxh6+ Qg7 29. Qxg7+ Kxg7 30. Re1 Re8 31. Bh4 Kf7 32. a4 a6 33. Kg1 e6
34. dxe6+ Rxe6 35. Rxe6 Kxe6 36. Bd8 1-0

[Event "25. Copenhagen Open  (Politiken Cup)"]
[Site "Copenhagen"]
[Date "2003.07.23"]
[Round "9"]
[White "Pettersson, Daniel"]
[Black "Aabling Thomsen, Jakob"]
[Result "0-1"]
[WhiteElo "1850"]
[BlackElo "2158"]
[PlyCount "100"]
[EventDate "2003.07.14"]
[EventType "swiss"]
[EventRounds "11"]
[EventCountry "DEN"]
[SourceDate "2004.01.01"]

1. d4 Nf6 2. Nf3 e6 3. Bg5 h6 4. Bxf6 Qxf6 5. e4 d6 6. e5 Qd8 7. c3 c5 8. Nbd2
Nc6 9. Bb5 Bd7 10. exd6 cxd4 11. Nxd4 Nxd4 12. Bxd7+ Qxd7 13. cxd4 Bxd6 14. O-O
O-O 15. Nf3 Rfd8 16. Qb3 Be7 17. Rfd1 Bf6 18. Ne5 Qd5 19. Qa4 Bxe5 20. dxe5
Qxe5 21. Re1 Qxb2 22. Rab1 Qc3 23. Rec1 Qd2 24. Rd1 Qe2 25. Re1 Qa6 26. Qe4 Rd5
27. Rec1 Rad8 28. h3 b5 29. Qe2 Qa4 30. Rc2 a5 31. Rbc1 b4 32. Qf3 Rd3 33. Qe4
Qd7 34. Rc7 Rd1+ 35. Kh2 Qd6+ 36. g3 Rxc1 37. Rxc1 Qd5 38. Qb1 Qf3 39. Rc2 g6
40. Qb2 Kh7 41. Rd2 Rxd2 42. Qxd2 h5 43. h4 a4 44. Kg1 b3 45. axb3 Qxb3 46. Qf4
e5 47. Qxe5 a3 48. g4 Qd1+ 49. Kh2 Qxg4 50. Qe7 Qf3 0-1

[Event "25. Copenhagen Open  (Politiken Cup)"]
[Site "Copenhagen"]
[Date "2003.07.23"]
[Round "9"]
[White "Poulsen, Morten Kjaer"]
[Black "Hansen, Jens Martin"]
[Result "0-1"]
[WhiteElo "2079"]
[BlackElo "1731"]
[PlyCount "74"]
[EventDate "2003.07.14"]
[EventType "swiss"]
[EventRounds "11"]
[EventCountry "DEN"]
[SourceDate "2004.01.01"]

1. e4 c6 2. d4 d5 3. Nc3 dxe4 4. Nxe4 Bf5 5. Ng3 Bg6 6. Nf3 Nd7 7. h4 h6 8. Bd3
Bxd3 9. Qxd3 Ngf6 10. Bd2 e6 11. Ne4 Be7 12. O-O-O Nxe4 13. Qxe4 Nf6 14. Qe2
Qd5 15. Kb1 Qe4 16. Rhe1 Qxe2 17. Rxe2 O-O 18. c4 Rfd8 19. Bc3 Kf8 20. Ne5 Rac8
21. g3 Rc7 22. Kc2 Nd7 23. Nxd7+ Rcxd7 24. Rdd2 Bf6 25. Re4 h5 26. b3 g6 27. a4
b6 28. f4 a6 29. a5 b5 30. Bb4+ Kg7 31. Kc3 Kg8 32. Bc5 Rc8 33. Re1 Kg7 34. Rc1
Kg8 35. cxb5 cxb5 36. Rd3 Rxc5+ 37. Kd2 Rxc1 0-1

[Event "25. Copenhagen Open  (Politiken Cup)"]
[Site "Copenhagen"]
[Date "2003.07.23"]
[Round "9"]
[White "Preuss, Flemming"]
[Black "Lahlum, Hans Olav"]
[Result "0-1"]
[WhiteElo "2083"]
[BlackElo "2202"]
[PlyCount "120"]
[EventDate "2003.07.14"]
[EventType "swiss"]
[EventRounds "11"]
[EventCountry "DEN"]
[SourceDate "2004.01.01"]

1. e4 e6 2. d4 d5 3. Nc3 Bb4 4. e5 c5 5. a3 Bxc3+ 6. bxc3 Qc7 7. Qg4 f5 8. Qg3
cxd4 9. cxd4 Ne7 10. Bd2 O-O 11. Bd3 b6 12. Ne2 Ba6 13. Nf4 Qd7 14. h4 Bxd3 15.
Qxd3 Rc8 16. Rh3 Rc4 17. Rg3 Nbc6 18. c3 Rf8 19. h5 Na5 20. Rb1 Ra4 21. Qb5
Qxb5 22. Rxb5 Kf7 23. Bc1 Nc4 24. Rb3 Rc8 25. Ke2 Nc6 26. Nd3 N4a5 27. Rb1 Rc4
28. Bd2 Ne7 29. Nf4 Ra4 30. Bc1 Nc4 31. Rb3 Nc6 32. Nd3 N6a5 33. Rb4 Rxb4 34.
axb4 Nc6 35. b5 N6a5 36. Rh3 Nb3 37. Rh1 Nxc1+ 38. Rxc1 Na3 39. Kd2 Nxb5 40. f3
Na3 41. Nb4 a5 42. Na2 g6 43. hxg6+ hxg6 44. Rh1 Kg7 45. g3 b5 46. Kd3 Nc4 47.
Rh2 Rb8 48. Rh1 g5 49. Rh2 b4 50. cxb4 axb4 51. Rh1 b3 52. Nc3 b2 53. Nb1 Rb3+
54. Ke2 Na3 55. Kf2 Nxb1 56. Rxb1 Kf7 57. Kg2 Ke7 58. g4 f4 59. Kf2 Kd7 60. Ke2
Kc6 0-1

[Event "25. Copenhagen Open  (Politiken Cup)"]
[Site "Copenhagen"]
[Date "2003.07.23"]
[Round "9"]
[White "Radovic, Slobodan"]
[Black "Zachariassen, John"]
[Result "0-1"]
[WhiteElo "1391"]
[BlackElo "1781"]
[PlyCount "90"]
[EventDate "2003.07.14"]
[EventType "swiss"]
[EventRounds "11"]
[EventCountry "DEN"]
[SourceDate "2004.01.01"]

1. e4 d5 2. exd5 Nf6 3. Bc4 Nxd5 4. d4 Bf5 5. a3 e6 6. Nf3 Be7 7. O-O O-O 8.
Bd3 Bg4 9. Be3 Nd7 10. h3 Bh5 11. c4 Nxe3 12. fxe3 Bf6 13. Qc2 Bg6 14. Bxg6
hxg6 15. Nc3 Qe7 16. Rad1 a6 17. b4 c6 18. Ne4 Nb6 19. Nxf6+ gxf6 20. e4 Rfd8
21. c5 Nd7 22. Rd3 Kg7 23. Qf2 a5 24. Rb1 axb4 25. Rxb4 Nxc5 26. Re3 Na6 27.
Rb6 Rd7 28. Qb2 c5 29. Reb3 cxd4 30. Rxb7 e5 31. Rxd7 Qxd7 32. Rb7 Qe8 33. Qb6
Qf8 34. Qa5 Nc5 35. Ra7 Rxa7 36. Qxa7 Nxe4 37. a4 Qd6 38. a5 Qa3 39. Qb6 Nc5
40. Kh2 d3 41. Nd2 Qc3 42. Qc7 Qxd2 43. Qxc5 Qf4+ 44. g3 Qa4 45. Qd5 Qc2+ 0-1

[Event "25. Copenhagen Open  (Politiken Cup)"]
[Site "Copenhagen"]
[Date "2003.07.23"]
[Round "9"]
[White "Rasmussen, Jens"]
[Black "Hesselberg, Leif"]
[Result "0-1"]
[WhiteElo "1638"]
[BlackElo "1913"]
[PlyCount "80"]
[EventDate "2003.07.14"]
[EventType "swiss"]
[EventRounds "11"]
[EventCountry "DEN"]
[SourceDate "2004.01.01"]

1. d4 Nf6 2. Nf3 e6 3. e3 b6 4. Bd3 Bb7 5. Nbd2 c5 6. O-O Be7 7. Re1 d6 8. c4
O-O 9. b3 Nbd7 10. Bb2 a6 11. Rc1 Rc8 12. Qe2 Qc7 13. e4 cxd4 14. Nxd4 g6 15.
a3 e5 16. Nc2 Nc5 17. Ne3 Nxd3 18. Qxd3 Qd7 19. h3 Rfd8 20. Kh2 b5 21. g3 Bc6
22. Bc3 Qb7 23. Nd5 Nxd5 24. cxd5 Bd7 25. Nf1 Rf8 26. Qe3 f5 27. Re2 fxe4 28.
Qxe4 Bf5 29. Qg2 Bd3 30. Ree1 e4 31. Ne3 Rf3 32. Bd4 Rcf8 33. Ng4 h5 34. Rc6
hxg4 35. hxg4 Bf6 36. Be3 Qg7 37. Rec1 Bd4 38. Kg1 Bxe3 39. fxe3 Qe5 40. Kh2
Rf2 0-1

[Event "25. Copenhagen Open  (Politiken Cup)"]
[Site "Copenhagen"]
[Date "2003.07.23"]
[Round "9"]
[White "Rasmussen, Karsten"]
[Black "Ward, Christopher"]
[Result "0-1"]
[WhiteElo "2437"]
[BlackElo "2531"]
[PlyCount "88"]
[EventDate "2003.07.14"]
[EventType "swiss"]
[EventRounds "11"]
[EventCountry "DEN"]
[SourceDate "2004.01.01"]

1. g3 c5 2. c4 Nc6 3. Bg2 g6 4. e3 Bg7 5. Ne2 h5 6. Nbc3 h4 7. O-O d6 8. Nf4
hxg3 9. hxg3 Bxc3 10. bxc3 g5 11. Nh5 Ne5 12. d4 Ng4 13. f3 Rxh5 14. fxg4 Rh7
15. Rb1 Nf6 16. Bxb7 Bxb7 17. Rxb7 Qc8 18. Qf3 Qxg4 19. Qxg4 Nxg4 20. dxc5 dxc5
21. Rd1 Ne5 22. e4 f6 23. Be3 Kf7 24. Bxc5 Ke6 25. Kg2 Rc8 26. Bd4 Nxc4 27. Rh1
Rxh1 28. Kxh1 a6 29. g4 Rc6 30. Kg2 Nd6 31. Rb3 Nxe4 32. a4 Nd6 33. a5 Nb5 34.
Kf3 Kd5 35. Ke3 e5 36. Bb6 Nxc3 37. Bd8 Nb5 38. Rd3+ Ke6 39. Kd2 Nd6 40. Rf3
Ne8 41. Bb6 Rc4 42. Rb3 Nd6 43. Bd8 Nb5 44. Rf3 Rd4+ 0-1

[Event "25. Copenhagen Open  (Politiken Cup)"]
[Site "Copenhagen"]
[Date "2003.07.23"]
[Round "9"]
[White "Rasmussen, Peter Nybo"]
[Black "Knudsen, Jes West"]
[Result "0-1"]
[WhiteElo "1692"]
[BlackElo "2015"]
[PlyCount "58"]
[EventDate "2003.07.14"]
[EventType "swiss"]
[EventRounds "11"]
[EventCountry "DEN"]
[SourceDate "2004.01.01"]

1. d4 f5 2. c4 g6 3. Nf3 Bg7 4. g3 Nf6 5. Bg2 O-O 6. O-O d6 7. Nc3 Nc6 8. d5
Ne5 9. Nxe5 dxe5 10. e4 a6 11. b4 e6 12. Bb2 f4 13. Qc2 Nh5 14. Bh3 exd5 15.
Bxc8 Qxc8 16. cxd5 f3 17. Nd1 Nf4 18. Ne3 Ne2+ 19. Kh1 Bh6 20. Bxe5 Qh3 21. Rg1
Rf7 22. Rad1 Bxe3 23. fxe3 Nxg1 24. Qf2 Ne2 25. Bf4 Nc3 26. Rg1 Nxe4 27. Qxf3
Re8 28. Qe2 Qh5 29. Qxh5 gxh5 0-1

[Event "25. Copenhagen Open  (Politiken Cup)"]
[Site "Copenhagen"]
[Date "2003.07.23"]
[Round "9"]
[White "Rasmussen, Poul"]
[Black "Pedersen, Kenneth"]
[Result "1-0"]
[WhiteElo "1498"]
[BlackElo "1728"]
[PlyCount "99"]
[EventDate "2003.07.14"]
[EventType "swiss"]
[EventRounds "11"]
[EventCountry "DEN"]
[SourceDate "2004.01.01"]

1. e4 c5 2. Nf3 d6 3. Nc3 a6 4. d4 cxd4 5. Nxd4 Nc6 6. Be2 Nf6 7. O-O g6 8. Be3
Bg7 9. Nxc6 bxc6 10. e5 Ng8 11. exd6 exd6 12. Bf3 d5 13. Bd4 Nf6 14. Bc5 Be6
15. Qe2 Bf8 16. Bxf8 Kxf8 17. Qe5 Kg7 18. Rad1 Re8 19. Ne4 Qe7 20. Qxf6+ Qxf6
21. Nxf6 Kxf6 22. c4 Rad8 23. cxd5 cxd5 24. Rd4 Rd6 25. Rfd1 Rc8 26. b4 Rc2 27.
a4 Rb2 28. h3 Ke5 29. Bg4 Bxg4 30. hxg4 Ra2 31. f4+ Ke6 32. a5 Rc2 33. f5+ gxf5
34. gxf5+ Ke5 35. Kf1 Rc4 36. Rxc4 dxc4 37. Ke2 Rxd1 38. Kxd1 Kd5 39. Kc2 Kc6
40. g4 h6 41. Kc3 Kd5 42. f6 Kd6 43. Kxc4 Kc6 44. b5+ axb5+ 45. Kb4 Kb7 46.
Kxb5 Kc7 47. Kc5 Kd7 48. a6 Kc7 49. a7 Kb7 50. Kd6 1-0

[Event "25. Copenhagen Open  (Politiken Cup)"]
[Site "Copenhagen"]
[Date "2003.07.23"]
[Round "9"]
[White "Rendboe, John Filip"]
[Black "Andersen, Bjarne Hjorth"]
[Result "1-0"]
[WhiteElo "2239"]
[BlackElo "1807"]
[PlyCount "41"]
[EventDate "2003.07.14"]
[EventType "swiss"]
[EventRounds "11"]
[EventCountry "DEN"]
[SourceDate "2004.01.01"]

1. d4 Nf6 2. c4 g6 3. Nc3 d5 4. cxd5 Nxd5 5. Bd2 Bg7 6. Nf3 O-O 7. e4 Nxc3 8.
Bxc3 c5 9. d5 Bg4 10. Be2 Nd7 11. O-O Bxc3 12. bxc3 Qc7 13. Nd2 Bxe2 14. Qxe2
Rac8 15. c4 e6 16. Qd3 Qd6 17. f4 f6 18. Qc3 b6 19. a4 Rc7 20. e5 fxe5 21. Ne4
1-0

[Event "25. Copenhagen Open  (Politiken Cup)"]
[Site "Copenhagen"]
[Date "2003.07.23"]
[Round "9"]
[White "Riis, Jens"]
[Black "Hartvig, Ove Weiss"]
[Result "1-0"]
[WhiteElo "2067"]
[BlackElo "2295"]
[PlyCount "79"]
[EventDate "2003.07.14"]
[EventType "swiss"]
[EventRounds "11"]
[EventCountry "DEN"]
[SourceDate "2004.01.01"]

1. d4 f5 2. Bg5 c5 3. dxc5 Na6 4. Nd2 Nxc5 5. e3 g6 6. Ngf3 Bg7 7. c3 Nf6 8.
Be2 O-O 9. O-O h6 10. Bxf6 Bxf6 11. e4 f4 12. e5 Bg7 13. Ne4 d6 14. exd6 Nxe4
15. Qd5+ Kh7 16. Qxe4 Qxd6 17. Rad1 Bf5 18. Qxb7 Rab8 19. Qxa7 Qe6 20. Rd2 Ra8
21. Qc7 Rfc8 22. Qxf4 Qxa2 23. Qe3 Rab8 24. Nd4 Rd8 25. Qxe7 Rd7 26. Qe3 Rxb2
27. Rxb2 Qxb2 28. Nxf5 gxf5 29. Qe6 Rd2 30. Qxf5+ Kh8 31. Qc8+ Kh7 32. Qf5+ Kh8
33. Bd3 Kg8 34. Qc8+ Kf7 35. Qc4+ Kf8 36. Bg6 Qa2 37. Qf4+ Ke7 38. Re1+ Kd7 39.
Qf5+ Kd6 40. Bf7 1-0

[Event "25. Copenhagen Open  (Politiken Cup)"]
[Site "Copenhagen"]
[Date "2003.07.23"]
[Round "9"]
[White "Rosenkilde, Alexander"]
[Black "Klitgaard, Thomas"]
[Result "1/2-1/2"]
[WhiteElo "1699"]
[BlackElo "2098"]
[PlyCount "100"]
[EventDate "2003.07.14"]
[EventType "swiss"]
[EventRounds "11"]
[EventCountry "DEN"]
[SourceDate "2004.01.01"]

1. d4 d5 2. c4 e6 3. Nc3 Nf6 4. Bg5 Nbd7 5. e3 c6 6. Nf3 Qa5 7. cxd5 Nxd5 8.
Qb3 c5 9. Qb5 Qxb5 10. Bxb5 Nxc3 11. bxc3 cxd4 12. cxd4 Bb4+ 13. Ke2 O-O 14.
Rab1 Bd6 15. Bxd7 Bxd7 16. Rxb7 Bc6 17. Rb2 Rfc8 18. Rd1 Bd5 19. Kf1 a5 20. a4
Ba3 21. Rb6 Bb4 22. Bf4 Rc6 23. Rxc6 Bxc6 24. Ra1 Rc8 25. Ne5 Bd5 26. Nd7 Rc2
27. Nb6 Bb7 28. g3 Kf8 29. Nd7+ Ke7 30. Ne5 g5 31. Bxg5+ f6 32. Bh4 Bd5 33. Ng4
Ra2 34. Rxa2 Bxa2 35. Nxf6 Bc4+ 36. Kg2 Kf7 37. Nd7 Bb3 38. Nb6 Bd6 39. Bd8 Ke8
40. Nc8 Bb4 41. Bb6 Kd7 42. Na7 Bxa4 43. e4 Kd6 44. Nc8+ Kc6 45. d5+ exd5 46.
exd5+ Kb7 47. Bxa5 Bxa5 48. Nd6+ Kc7 49. Ne4 Bb3 50. f3 h6 1/2-1/2

[Event "25. Copenhagen Open  (Politiken Cup)"]
[Site "Copenhagen"]
[Date "2003.07.23"]
[Round "9"]
[White "Royset, Paal"]
[Black "Christensen, Janus"]
[Result "0-1"]
[WhiteElo "2252"]
[BlackElo "1951"]
[PlyCount "138"]
[EventDate "2003.07.14"]
[EventType "swiss"]
[EventRounds "11"]
[EventCountry "DEN"]
[SourceDate "2004.01.01"]

1. e4 Nf6 2. e5 Nd5 3. Nf3 d6 4. d4 Bg4 5. Nbd2 e6 6. h3 Bh5 7. exd6 cxd6 8.
Bc4 Nb6 9. Bd3 Nc6 10. c3 Be7 11. O-O O-O 12. Re1 d5 13. Nf1 Bd6 14. Ne3 Rc8
15. Ng4 f5 16. Ngh2 Qc7 17. Be2 Nd7 18. Nf1 h6 19. Nh4 Bf7 20. Bh5 Nf6 21.
Bxf7+ Qxf7 22. Ne3 Ne4 23. Nf3 b5 24. Nc2 g5 25. Ne5 Bxe5 26. dxe5 f4 27. f3
Ng3 28. a4 Qc7 29. axb5 Qb6+ 30. Kh2 Qxb5 31. Nd4 Nxd4 32. Qxd4 a6 33. Qa4 Qxa4
34. Rxa4 Rc6 35. Bd2 Rb8 36. Rb1 Rb3 37. h4 Rcb6 38. Ra2 Nf5 39. hxg5 hxg5 40.
Be1 Ne3 41. Bf2 Rxc3 42. Rxa6 Rxa6 43. bxc3 Rc6 44. Rb3 Nc4 45. Bd4 Kf7 46.
Rb7+ Kg6 47. Rb8 Ne3 48. Rg8+ Kh6 49. Ra8 Nf5 50. Kh3 Rc7 51. Ra6 Re7 52. Bc5
Re8 53. Bf2 Kg6 54. g3 fxg3 55. Bxg3 Rh8+ 56. Kg2 Nxg3 57. Kxg3 Kf5 58. Rc6 Rh4
59. Rc8 Rc4 60. Rf8+ Kxe5 61. Rf7 Rxc3 62. Kg4 Rc1 63. Kxg5 Rg1+ 64. Kh4 Kd4
65. Kh3 Ke3 66. Kh2 Rg6 67. f4 d4 68. Kh3 d3 69. Rd7 Ke2 0-1

[Event "25. Copenhagen Open  (Politiken Cup)"]
[Site "Copenhagen"]
[Date "2003.07.23"]
[Round "9"]
[White "Salomonsen, Rune"]
[Black "Henrichsen, Jens"]
[Result "1/2-1/2"]
[WhiteElo "1691"]
[BlackElo "2076"]
[PlyCount "73"]
[EventDate "2003.07.14"]
[EventType "swiss"]
[EventRounds "11"]
[EventCountry "DEN"]
[SourceDate "2004.01.01"]

1. e4 c5 2. Nf3 e6 3. d4 cxd4 4. Nxd4 Nf6 5. Nc3 d6 6. g4 h6 7. Rg1 Nc6 8. Be3
a6 9. h4 h5 10. gxh5 Nxh5 11. Bg5 Nf6 12. Qd2 Qc7 13. O-O-O Bd7 14. Rg3 O-O-O
15. Bg2 Kb8 16. f4 Rc8 17. f5 Ne5 18. Qf2 Nh5 19. Rh3 Nc4 20. fxe6 fxe6 21. Qe2
Qb6 22. Nb3 a5 23. a4 Qb4 24. Bf3 g6 25. Bxh5 Rxh5 26. Bf6 Bxa4 27. Nxa4 Qxa4
28. Rc3 Qb4 29. Rd4 Bh6+ 30. Kb1 Rhc5 31. Qg4 e5 32. Rxd6 Nxd6 33. Nxc5 Rxc5
34. Rxc5 Qxc5 35. Qxg6 Bf4 36. Be7 Kc7 37. h5 1/2-1/2

[Event "25. Copenhagen Open  (Politiken Cup)"]
[Site "Copenhagen"]
[Date "2003.07.23"]
[Round "9"]
[White "Sandbech, Ted"]
[Black "Jessen, Simon Pind"]
[Result "0-1"]
[WhiteElo "1660"]
[BlackElo "2085"]
[PlyCount "36"]
[EventDate "2003.07.14"]
[EventType "swiss"]
[EventRounds "11"]
[EventCountry "DEN"]
[SourceDate "2004.01.01"]

1. Nf3 Nf6 2. d4 d5 3. c4 c6 4. Nc3 e6 5. a4 Bb4 6. cxd5 exd5 7. Bd2 Bf5 8. e3
Nbd7 9. Be2 O-O 10. O-O Re8 11. Re1 Bd6 12. Rc1 Ne4 13. Rf1 Re6 14. Nxe4 dxe4
15. Ne1 Qh4 16. h3 Bxh3 17. gxh3 Rg6+ 18. Bg4 Qxh3 0-1

[Event "25. Copenhagen Open  (Politiken Cup)"]
[Site "Copenhagen"]
[Date "2003.07.23"]
[Round "9"]
[White "Sander, Rolf"]
[Black "Rossen, Claus"]
[Result "0-1"]
[WhiteElo "2060"]
[BlackElo "2202"]
[PlyCount "100"]
[EventDate "2003.07.14"]
[EventType "swiss"]
[EventRounds "11"]
[EventCountry "DEN"]
[SourceDate "2004.01.01"]

1. e4 e5 2. Nf3 Nf6 3. Nxe5 d6 4. Nf3 Nxe4 5. Qe2 Qe7 6. d3 Nf6 7. Bg5 Nbd7 8.
Nc3 Qxe2+ 9. Bxe2 c6 10. d4 d5 11. O-O-O Bb4 12. Rhe1 O-O 13. Bd3 h6 14. Bd2
Nb6 15. Ne5 Ng4 16. f3 Nxe5 17. dxe5 Nd7 18. f4 Nc5 19. Be2 Ne6 20. Rf1 f6 21.
a3 Ba5 22. b4 Bc7 23. f5 Nd4 24. e6 Nxe2+ 25. Nxe2 b6 26. Nf4 Ba6 27. Rf2 Bc4
28. Ng6 Rfe8 29. g4 a5 30. bxa5 bxa5 31. Bc3 Bd6 32. Bb2 Rab8 33. h4 Bc5 34.
Rh2 Ba2 35. g5 Be3+ 36. Rdd2 fxg5 37. Rhe2 Bxd2+ 38. Rxd2 g4 39. Rg2 h5 40. Nf4
Rf8 41. f6 gxf6 42. Nxh5 f5 43. Nf6+ Rxf6 44. Bxf6 d4 45. e7 c5 46. h5 Kf7 47.
Bg5 c4 48. Re2 Rb1+ 49. Kd2 c3+ 50. Kd3 Rd1+ 0-1

[Event "25. Copenhagen Open  (Politiken Cup)"]
[Site "Copenhagen"]
[Date "2003.07.23"]
[Round "9"]
[White "Schandorff, Lars"]
[Black "Solleveld, Maarten"]
[Result "1/2-1/2"]
[WhiteElo "2525"]
[BlackElo "2458"]
[PlyCount "90"]
[EventDate "2003.07.14"]
[EventType "swiss"]
[EventRounds "11"]
[EventCountry "DEN"]
[SourceDate "2004.01.01"]

1. d4 Nf6 2. Nf3 g6 3. c4 Bg7 4. g3 O-O 5. Bg2 d6 6. Nc3 Nc6 7. O-O e5 8. d5
Ne7 9. e4 Ne8 10. Ne1 f5 11. Nd3 Nf6 12. Bg5 h6 13. Bxf6 Bxf6 14. f4 exf4 15.
Nxf4 Be5 16. exf5 Bxf5 17. Qd2 Qd7 18. Nb5 c5 19. dxc6 bxc6 20. Nd4 g5 21. Nxf5
Rxf5 22. Nd5 Raf8 23. Ne3 Rxf1+ 24. Rxf1 Rxf1+ 25. Bxf1 Qe6 26. b4 Kg7 27. Nc2
Qf5 28. Bd3 Qf3 29. Qe2 Qxe2 30. Bxe2 Nf5 31. Bg4 Nd4 32. Ne3 Kg6 33. Kf2 h5
34. Bd7 Kf7 35. a4 Ke7 36. Bh3 h4 37. b5 hxg3+ 38. hxg3 Kd8 39. Bg2 Kc7 40. Be4
d5 41. Bg2 dxc4 42. Nxc4 Bxg3+ 43. Kxg3 cxb5 44. axb5 Nxb5 45. Kg4 Nd6 1/2-1/2

[Event "25. Copenhagen Open  (Politiken Cup)"]
[Site "Copenhagen"]
[Date "2003.07.23"]
[Round "9"]
[White "Schmied, Andreas"]
[Black "Agustsson, Hafsteinn"]
[Result "1/2-1/2"]
[WhiteElo "2124"]
[BlackElo "1929"]
[PlyCount "137"]
[EventDate "2003.07.14"]
[EventType "swiss"]
[EventRounds "11"]
[EventCountry "DEN"]
[SourceDate "2004.01.01"]

1. d4 d5 2. c4 c6 3. Nf3 Nf6 4. Nc3 dxc4 5. a4 Bf5 6. e3 e6 7. Bxc4 Bb4 8. O-O
O-O 9. Qe2 h6 10. e4 Bg6 11. e5 Nd5 12. Ne4 Nd7 13. Rd1 Qe7 14. Bd3 c5 15. dxc5
Rac8 16. Nd6 Rxc5 17. Bxg6 fxg6 18. Nxb7 Rc7 19. Nd6 Bxd6 20. exd6 Qxd6 21. Nd4
Rcc8 22. Qxe6+ Qxe6 23. Nxe6 Rf5 24. Nd4 Re5 25. Bd2 N7f6 26. Re1 Rxe1+ 27.
Rxe1 Rc4 28. Nb5 Rxa4 29. Nc3 Rd4 30. Be3 Rb4 31. Nxd5 Nxd5 32. Re2 a6 33. Kf1
Kf7 34. Rd2 Ke6 35. Bd4 Rb7 36. Re2+ Kf7 37. Rc2 Rc7 38. Rxc7+ Nxc7 39. Ke2 g5
40. Kd3 Ne6 41. Ke4 g6 42. Be3 Kf6 43. g3 Nc7 44. Bd4+ Ke6 45. Bg7 h5 46. h3
Ne8 47. Bh8 Kd6 48. Bd4 Ke6 49. Bh8 Nd6+ 50. Kd4 Nf7 51. Bg7 Kd6 52. Bf8+ Ke6
53. Bb4 Ne5 54. Ke4 g4 55. h4 Nc6 56. Bc3 Ne7 57. Bd2 Nc6 58. Be3 Kd6 59. Kf4
Ke6 60. Ke4 Kd6 61. f3 gxf3 62. Kxf3 Ke5 63. g4 hxg4+ 64. Kxg4 Kf6 65. Kf4 Ke6
66. Ke4 Ne5 67. Bf4 Nc6 68. Bc7 Ne7 69. Bg3 1/2-1/2

[Event "25. Copenhagen Open  (Politiken Cup)"]
[Site "Copenhagen"]
[Date "2003.07.23"]
[Round "9"]
[White "Skaanning Pedersen, Kim Henrik"]
[Black "Skjoldan, Benjamin"]
[Result "1/2-1/2"]
[WhiteElo "2187"]
[BlackElo "2092"]
[PlyCount "77"]
[EventDate "2003.07.14"]
[EventType "swiss"]
[EventRounds "11"]
[EventCountry "DEN"]
[SourceDate "2004.01.01"]

1. e4 c5 2. Nc3 e6 3. f4 Nc6 4. Nf3 d5 5. Bb5 Nge7 6. exd5 exd5 7. Qe2 Qd6 8.
Bxc6+ Qxc6 9. Ne5 Qb6 10. O-O a6 11. d3 g6 12. b3 Bg7 13. Na4 Qc7 14. Ba3 b6
15. d4 O-O 16. dxc5 bxc5 17. Bxc5 Re8 18. Qd2 Bb7 19. Bd4 Nf5 20. c3 f6 21. Nd3
Bc6 22. Nac5 Qa5 23. b4 Qc7 24. Rfe1 Qd6 25. Rxe8+ Bxe8 26. Re1 Bf7 27. Nb3 h5
28. Bc5 Qc7 29. Nd4 Nd6 30. Bxd6 Qxd6 31. f5 g5 32. Nb3 Re8 33. Rxe8+ Bxe8 34.
Nd4 Bf8 35. Qe2 Bf7 36. a4 Qc7 37. Qe1 Bd6 38. h3 Qc4 39. Qd2 1/2-1/2

[Event "25. Copenhagen Open  (Politiken Cup)"]
[Site "Copenhagen"]
[Date "2003.07.23"]
[Round "9"]
[White "Skjoldborg, Jesper"]
[Black "Jakobsen, Hans Endrup"]
[Result "1-0"]
[WhiteElo "2253"]
[BlackElo "1918"]
[PlyCount "57"]
[EventDate "2003.07.14"]
[EventType "swiss"]
[EventRounds "11"]
[EventCountry "DEN"]
[SourceDate "2004.01.01"]

1. e4 c5 2. Nf3 d6 3. d4 cxd4 4. Nxd4 Nf6 5. Nc3 a6 6. Bg5 e6 7. f4 Qc7 8. Qf3
Nc6 9. O-O-O Bd7 10. Nxc6 Bxc6 11. Bxf6 gxf6 12. f5 Be7 13. fxe6 fxe6 14. Qh5+
Kd8 15. Be2 b5 16. Bf3 b4 17. Ne2 e5 18. Kb1 Be8 19. Qh3 a5 20. c3 Bg6 21. Rd3
Qb7 22. Qe6 Bxe4 23. Bxe4 Qxe4 24. Rhd1 Rc8 25. Ng3 Qc4 26. Rxd6+ Ke8 27. Rd8+
Rxd8 28. Rxd8+ Kxd8 29. Qxc4 1-0

[Event "25. Copenhagen Open  (Politiken Cup)"]
[Site "Copenhagen"]
[Date "2003.07.23"]
[Round "9"]
[White "Skovgaard, Peter Nicolai"]
[Black "Lauritsen, Martin Lee"]
[Result "0-1"]
[WhiteElo "2038"]
[BlackElo "1687"]
[PlyCount "72"]
[EventDate "2003.07.14"]
[EventType "swiss"]
[EventRounds "11"]
[EventCountry "DEN"]
[SourceDate "2004.01.01"]

1. e4 c5 2. Nf3 Nc6 3. Nc3 e6 4. d4 cxd4 5. Nxd4 Bb4 6. Nxc6 Bxc3+ 7. bxc3 bxc6
8. Qd6 Qe7 9. Ba3 Qxd6 10. Bxd6 Nf6 11. Bd3 Kd8 12. Rb1 Ne8 13. e5 Nxd6 14.
exd6 Ke8 15. O-O f5 16. Rb3 Kf7 17. Rfb1 Kf6 18. Rb8 Rxb8 19. Rxb8 Ke5 20. Ba6
Kxd6 21. Rxc8 Rxc8 22. Bxc8 Kc7 23. Ba6 Kb6 24. Bc4 Ka5 25. Bb3 c5 26. c4 Kb4
27. Kf1 a5 28. a4 Kc3 29. Ke2 g5 30. Kf3 Kd2 31. h3 h5 32. g3 e5 33. Kg2 e4 34.
c3 f4 35. h4 e3 36. fxe3 fxe3 0-1

[Event "25. Copenhagen Open  (Politiken Cup)"]
[Site "Copenhagen"]
[Date "2003.07.23"]
[Round "9"]
[White "Stam, Bart"]
[Black "Pedersen, Kaj Vinding"]
[Result "1-0"]
[WhiteElo "2058"]
[BlackElo "1553"]
[PlyCount "67"]
[EventDate "2003.07.14"]
[EventType "swiss"]
[EventRounds "11"]
[EventCountry "DEN"]
[SourceDate "2004.01.01"]

1. e4 Nf6 2. e5 Nd5 3. d4 d6 4. Nf3 Bg4 5. Be2 e6 6. h3 Bh5 7. O-O Be7 8. c4
Nb6 9. Nc3 Nc6 10. exd6 cxd6 11. b3 d5 12. c5 Nd7 13. Be3 a6 14. Nh2 Bxe2 15.
Qxe2 Bf6 16. Rad1 O-O 17. Ng4 Nxc5 18. Nxd5 exd5 19. dxc5 d4 20. Bf4 Re8 21.
Qc4 Bg5 22. Bd6 Qa5 23. f4 Bh4 24. f5 Qc3 25. Qd5 h5 26. f6 hxg4 27. fxg7 Qe3+
28. Kh1 Qe6 29. Qh5 Kxg7 30. Qxh4 gxh3 31. Rf3 hxg2+ 32. Kg1 Qh6 33. Rxf7+ Kg6
34. Rf6+ 1-0

[Event "25. Copenhagen Open  (Politiken Cup)"]
[Site "Copenhagen"]
[Date "2003.07.23"]
[Round "9"]
[White "Taksrud, Vidar"]
[Black "Christensen, Christian"]
[Result "0-1"]
[WhiteElo "1914"]
[BlackElo "2113"]
[PlyCount "58"]
[EventDate "2003.07.14"]
[EventType "swiss"]
[EventRounds "11"]
[EventCountry "DEN"]
[SourceDate "2004.01.01"]

1. c4 e5 2. Nc3 Nc6 3. g3 g6 4. Bg2 Bg7 5. Nf3 d6 6. O-O h6 7. Rb1 Be6 8. d3
Qd7 9. Re1 Bh3 10. b4 Bxg2 11. Kxg2 a6 12. b5 axb5 13. cxb5 Nd4 14. e3 Ne6 15.
d4 exd4 16. exd4 Ne7 17. Bb2 O-O 18. a4 Rfe8 19. Ne4 Nd5 20. Qb3 Nef4+ 21. Kh1
Qh3 22. gxf4 Nxf4 23. Rg1 Rxe4 24. Rg3 Qh5 25. Qc2 Rae8 26. Ng1 Re2 27. Nxe2
Rxe2 28. Qb3 Rxf2 29. h3 Qe2 0-1